[Geometry Dash] Every Top Player Ever - Statistics

General Stats
  • This quiz has been taken 135 times
    21 since last reset
  • The average score is 22 of 200
Answer Stats
Nation Player % Correct
USA Zoink
100%
USA Doggie
93%
USA Trick
87%
USA Riot
80%
USA wPopoff
80%
MEX Sunix
73%
USA Diamond
60%
USA Technical
60%
GBR Cursed
53%
USA nSwish
53%
POR Taiago
53%
KOR Dorami
47%
NDL Knobbelboy
40%
USA Netermind
40%
USA npesta
40%
SWE TrusTa
40%
SWE Wolvez
40%
USA Wooshi
40%
RUS A6
33%
USA BrianTheBurger
33%
CAN Denni
33%
ESP eastshark
33%
USA paqoe
33%
CAN RG
33%
ARG BlassCFB
27%
DEU combi
27%
ISL Crisis
27%
USA DiamondSplash
27%
RUS Dolphy
27%
FIN kloone
27%
USA KrmaL
27%
USA Quasar
27%
CAN Zeronium
27%
AUS Golden
20%
ZAF Surv
20%
GBR Whizkid05
20%
CHL xSmokes
20%
RUS Arshadow
13%
NZE BoldStep
13%
GBR Brandon Larkin
13%
USA Gablor
13%
COL Giron
13%
USA Helix
13%
USA Hotball1
13%
USA Hqmy
13%
KOR Koreaqwer
13%
KOR Laniakea
13%
IRE lSkyJax
13%
USA Luqualizer
13%
FRA MrSpaghetti
13%
CAN Mullsy
13%
USA Mycrafted
13%
ITY Powerbomb
13%
DEU Quivert
13%
COL RaeveZ
13%
KOR Rainstorm
13%
USA SandStorm
13%
ARG Sid125
13%
USA Skullo
13%
USA skzyl
13%
AUS SnowBallerr
13%
QAT SpirteX
13%
ESP SrGuillester
13%
USA TFIBB
13%
USA Thnnder
13%
RUS w3rty
13%
AUT Zamasu
13%
PER Abdieldevil
7%
GBR Andromeda
7%
KOR Baeru
7%
USA dice88
7%
USA Dr Joe
7%
USA DuaL KiKi
7%
RUS Eandis
7%
MEX Emiliano56
7%
FRA Gabs
7%
FRA GDonut
7%
USA Gizbro
7%
LTV GoodSmile
7%
AUT Hover
7%
SWE iNeo
7%
GBR Jakercut
7%
ROM Kaza
7%
DEU Kurumi
7%
RUS Light
7%
MDV loliklee
7%
DEU Metalface221
7%
DEU Mizukii
7%
USA Ozzy
7%
USA rori
7%
USA Satcho
7%
UKR SerVax
7%
KOR Seturan
7%
ESP SoulsTRK
7%
GBR swiborg
7%
COL Swooker
7%
KAZ teraaa
7%
IRE Toka
7%
NOR Tunax
7%
CHL UFWM
7%
RUS Vorten
7%
KOR VoTcHi
7%
USA Xanii
7%
NOR Zeroxy
7%
ROM AlexDIRO
0%
GBR AlexTD
0%
USA Atomic
0%
MEX Aviila RX2X
0%
USA Beastular
0%
DEU BigMacGD
0%
USA Bigthunder556
0%
FRA BlackMG
0%
USA BlakeJM
0%
USA Bradenbowl
0%
USA BUNNYGRAM
0%
CAN ChiefFlurry
0%
USA cobrablitz
0%
KOR CuTTeR
0%
BRZ DibiiziCookie
0%
RUS Dils thik
0%
BEL Doli
0%
MEX DoSh7t
0%
AUS Edstar24
0%
USA ezvie
0%
CAN GDUltim8
0%
USA GeometryJosh2
0%
USA GMDElite
0%
POL Gokill
0%
ESP Gonchus
0%
KOR Grey749
0%
VCT GunnerBones
0%
USA HackMan617
0%
ARG Hipo
0%
KOR Hiroquet
0%
RUS Hyperlith
0%
GBR iIiLaSeRiIi
0%
RUS Ishigiru
0%
VEN Jaegerdd
0%
USA Joshua28
0%
DEU Jumper
0%
KOR Kainite
0%
POL Kapinapi
0%
EST Kevelia
0%
USA Kyasshukodo
0%
ARG Marker
0%
POL MatixDg
0%
CAN MaxiS9
0%
SVN Meatius
0%
KOR Megadere
0%
RUS Millinazer
0%
FIN MirQ
0%
CAN Mix991
0%
ESP Molni
0%
PRY MrDash
0%
CHL nainteils
0%
RUS Nickname09
0%
USA Nisha
0%
NDL Nyan Cat
0%
DNK Pablohh
0%
DEU pasiblitz
0%
USA PeanutPickle
0%
AUS PersonHuman42
0%
USA Photonic
0%
DEU Quantum
0%
USA Rain22
0%
USA Rampage
0%
FRA Real
0%
AUT RicoLP
0%
RUS ROZE
0%
FIN RpgRaketti
0%
USA rSteel
0%
ROM Ryth
0%
MEX Sebquero11
0%
USA seels55
0%
USA SeptaGon7
0%
HGY Serpentical
0%
ROM Simmyy
0%
AUS SirQuack
0%
MEX Slashomi
0%
SWE Slypp
0%
USA Spamdrew128
0%
SWE stardream999
0%
USA Stormfly
0%
KOR Sung Su Kim
0%
ARG Superex
0%
RUS takma
0%
FRA TGM05
0%
KOR TherZ
0%
USA Timo
0%
CAN Tuggy
0%
BRZ ultrakawaHD
0%
AUS Varium
0%
RUS VERTOP
0%
CUB ViewSonic
0%
AUS ViperVenom95
0%
USA Waivve
0%
KOR xoen
0%
KOR Xylitol
0%
USA Zagros
0%
SWE Zephal
0%
No matching quizzes found
Score Distribution
Percent of People with Each Score
Percentile by Number Answered
Your Score History
You have not taken this quiz since the last reset